QUEST Central Library Banner

Future Sources of Electrical Power (Record no. 8417)

MARC details
000 -LEADER
fixed length control field 00341nam a2200133 4500
020 ## - INTERNATIONAL STANDARD BOOK NUMBER
ISBN 812191776X(Hardcover)
082 ## - DEWEY DECIMAL CLASSIFICATION NUMBER
Classification number 621.319AGA
100 ## - MAIN ENTRY--AUTHOR NAME
Personal name Agarwal, M.P
245 ## - TITLE STATEMENT
Title Future Sources of Electrical Power
260 ## - PUBLICATION, DISTRIBUTION, ETC. (IMPRINT)
Place of publication New Delhi
Name of publisher S.Chand Publishers
Year of publication 1999.
300 ## - PHYSICAL DESCRIPTION
Number of Pages X,213p. ;
650 ## - SUBJECT ADDED ENTRY--TOPICAL TERM
Topical Term Electric power distribution
942 ## - ADDED ENTRY ELEMENTS (KOHA)
Koha item type Books
Holdings
Withdrawn status Lost status Home library Current library Date acquired Full call number Accession Number Koha item type Collection code Cost, normal purchase price
    Central Library, QUEST, Nawabshah Central Library, QUEST, Nawabshah 25/07/2014 621.319AGA 23588 Books    
    Central Library, QUEST, Nawabshah Central Library, QUEST, Nawabshah 25/07/2014 621.319AGA 23589 Books    
    Central Library, QUEST, Nawabshah Central Library, QUEST, Nawabshah 25/07/2014 621.319AGA 23590 Books    
    Central Library, QUEST, Nawabshah Central Library, QUEST, Nawabshah 25/07/2014 621.319AGA 23591 Books    
    Reference Section Reference Section 13/08/2014 621.319AGA (Shelf -48C) 21250 Books Reference 549.50

Copyright © 2018,The QUEST, Nawabshah, Shaheed Benazirabad. All rights reserved
Mr. G. Farooq Channar (Librarian) QUEST, Nawabshah, Sindh, Pakistan 67480.
 Ph#: |   0244-9370381-4 Ext. 2308   Email| lib@quest.edu.pk   Web|  http://www.quest.edu.pk